Normal view
MARC view
- التدريس-علم نفس السلوك. التربية والتعليم-فلسفة
Entry Topical Term
001 - CONTROL NUMBER
- control field: 8301
003 - CONTROL NUMBER IDENTIFIER
- control field: JO-AjAnu
005 - DATE AND TIME OF LATEST TRANSACTION
- control field: 20230606071635.0
008 - FIXED-LENGTH DATA ELEMENTS
- fixed length control field: 230606|| aca||aabn | a|a d
040 ## - CATALOGING SOURCE
- Original cataloging agency: JO-AjAnu
- Transcribing agency: JO-AjAnu
150 ## - HEADING--TOPICAL TERM
- Topical term or geographic name entry element: التدريس-علم نفس السلوك. التربية والتعليم-فلسفة
670 ## - SOURCE DATA FOUND
- Source citation: Work cat.: (JO-AjAnu)4286: جرونلند،نورمان مؤلف/كاظم،أحمد خيري, author 8300, الأهداف التعليمية،تحديدها السلوكي وتطبيقاته= Stating Behavioral Objectives For Classroom Instruction Arabic